|
|
|
|
| LEADER |
00000naa a2200000 i 4500 |
| 001 |
publ542 |
| 005 |
20151110113545.0 |
| 008 |
151110s2003 hu o 000 zxx d |
| 040 |
|
|
|a BGE Publikációtár Repozitórium
|b hun
|
| 100 |
1 |
|
|a Gubán Ákos
|
| 245 |
1 |
0 |
|a Egy genetikus algoritmus konvergencia-vizsgálata
|c Gubán Ákos
|h [elektronikus dokumentum]
|
| 260 |
|
|
|a Budapesti Gazdasági Főiskola
|b Budapest
|c 2003
|
| 300 |
|
|
|a 289-295
|
| 490 |
0 |
|
|a Tudományos Évkönyv 2002: Híd kelet és nyugat között
|
| 650 |
|
4 |
|a matematika- és számítástudományok
|
| 695 |
|
|
|a Genetikus algoritmus
|
| 695 |
|
|
|a Konvergencia
|
| 856 |
4 |
0 |
|u https://publikaciotar.uni-bge.hu/id/eprint/542/1/Gub%C3%A1n%20%C3%81kos%20-%20Egy%20genetikus%20algoritmus%20konvergencia-vizsg%C3%A1lata.pdf
|z Dokumentum-elérés
|